Dr. S. R. Lasker Library Online Catalogue

Home      Library Home      Institutional Repository      E-Resources      MyAthens      EWU Home

Keeping up with emerging technologies : (Record no. 8119)

MARC details
000 -LEADER
fixed length control field 02326nam a22004338a 4500
001 - CONTROL NUMBER
control field 8119
003 - CONTROL NUMBER IDENTIFIER
control field BD-DhEWU
005 - DATE AND TIME OF LATEST TRANSACTION
control field 20180128211544.0
008 - FIXED-LENGTH DATA ELEMENTS--GENERAL INFORMATION
fixed length control field 180128s2017 caua g b 001 0 eng d
020 ## - INTERNATIONAL STANDARD BOOK NUMBER
International Standard Book Number 9781440854408
Cancelled/invalid ISBN 9781440854415
035 ## - SYSTEM CONTROL NUMBER
System control number (OCLC)985447979
040 ## - CATALOGING SOURCE
Original cataloging agency DLC
Language of cataloging eng
Transcribing agency DLC
Description conventions rda
Modifying agency BD-DhEWU
041 ## - LANGUAGE CODE
Language code of text/sound track or separate title eng
050 00 - LIBRARY OF CONGRESS CALL NUMBER
Classification number Z682.35.T43
Item number H46 2017
082 00 - DEWEY DECIMAL CLASSIFICATION NUMBER
Classification number 025.00285
Edition number 23
Item number HEK 2017
100 1# - MAIN ENTRY--PERSONAL NAME
Personal name Hennig, Nicole,
9 (RLIN) 21738
245 10 - TITLE STATEMENT
Title Keeping up with emerging technologies :
Remainder of title best practices for information professionals /
Statement of responsibility, etc Nicole Hennig.
260 ## - PUBLICATION, DISTRIBUTION, ETC. (IMPRINT)
Place of publication, distribution, etc Santa Barbara,
-- California :
Name of publisher, distributor, etc Libraries Unlimited,
Date of publication, distribution, etc 2017.
300 ## - PHYSICAL DESCRIPTION
Extent vii, 177 p. :
Other physical details ill. ;
Dimensions 24 cm.
504 ## - BIBLIOGRAPHY, ETC. NOTE
Bibliography, etc Includes bibliographical references and index.
505 0# - FORMATTED CONTENTS NOTE
Title TOC
Formatted contents note Gathering information : sources and strategies -- Gathering information : more strategies -- Gathering information : user needs -- Ethics, inclusion and the digital divide -- Evaluating information -- Experimenting -- Moving towards implementation -- Emerging technologies librarians : defining job roles.
520 ## - SUMMARY, ETC.
Summary, etc This book provides the best practices and skills to keep up with new technologies and to analyze the ability of specific technologies to meet recognized user needs.
526 ## - STUDY PROGRAM INFORMATION NOTE
Program name DIS
590 ## - LOCAL NOTE (RLIN)
Local note Sagar Shahanawaz
650 #0 - SUBJECT ADDED ENTRY--TOPICAL TERM
Topical term or geographic name as entry element Librarians
General subdivision Effect of technological innovations on.
9 (RLIN) 21739
Topical term or geographic name as entry element Technological literacy.
9 (RLIN) 21740
Topical term or geographic name as entry element Technological innovations
General subdivision Information resources.
9 (RLIN) 21741
Topical term or geographic name as entry element Information technology
General subdivision Information resources.
9 (RLIN) 21742
Topical term or geographic name as entry element Libraries
General subdivision Information technology
-- Planning.
9 (RLIN) 21743
Topical term or geographic name as entry element Libraries
General subdivision Information technology
-- Evaluation.
9 (RLIN) 21744
Topical term or geographic name as entry element Public services (Libraries)
9 (RLIN) 20931
Topical term or geographic name as entry element Library users
General subdivision Effect of technological innovations on.
9 (RLIN) 21745
776 08 - ADDITIONAL PHYSICAL FORM ENTRY
Display text Online version:
Main entry heading Hennig, Nicole, author.
Title Keeping up with emerging technologies
Place, publisher, and date of publication Santa Barbara, California : Libraries Unlimited, an imprint of ABC-CLIO, LLC, [2017]
International Standard Book Number 9781440854415
Record control number (DLC) 2017021555
856 42 - ELECTRONIC LOCATION AND ACCESS
Materials specified WorldCat details
Uniform Resource Identifier https://www.worldcat.org/title/keeping-up-with-emerging-technologies-best-practices-for-information-professionals/oclc/985447979&referer=brief_results
942 ## - ADDED ENTRY ELEMENTS (KOHA)
Source of classification or shelving scheme Dewey Decimal Classification
Koha item type Text
Holdings
Withdrawn status Lost status Source of classification or shelving scheme Damaged status Not for loan Collection code Home library Current library Shelving location Date acquired Source of acquisition Cost, normal purchase price Total Checkouts Full call number Barcode Date last seen Copy number Price effective from Koha item type Total Renewals Date checked out
    Dewey Decimal Classification   Not For Loan Non-fiction Dr. S. R. Lasker Library, EWU Dr. S. R. Lasker Library, EWU Reserve Section 25/01/2018 Trim Education 4035.00   025.00285 HEK 2017 28797 28/01/2018 C-1 28/01/2018 Text    
    Dewey Decimal Classification     Non-fiction Dr. S. R. Lasker Library, EWU Dr. S. R. Lasker Library, EWU Circulation Section 25/01/2018 Trim Education 4035.00 4 025.00285 HEK 2017 28798 23/02/2025 C-2 28/01/2018 Text 2 20/09/2023
    Dewey Decimal Classification     Non-fiction Dr. S. R. Lasker Library, EWU Dr. S. R. Lasker Library, EWU Circulation Section 25/01/2018 Trim Education 4035.00 10 025.00285 HEK 2017 28799 01/04/2026 C-3 28/01/2018 Text   01/04/2026